|
|
|
|
| LEADER |
00000cam a2200000 7i4500 |
| 001 |
0000002220 |
| 005 |
20030329.0 |
| 090 |
0 |
0 |
|a 338.17498
|b BRE 1990
|
| 100 |
1 |
0 |
|a BRENNAN
|h G. K.
|c 1958-
|
| 245 |
1 |
0 |
|a Drying regrowth eucalypts using a low temperature batch kiln
|c G. K. Brennan, B. R. Glossop and W. R. Hanks
|
| 260 |
0 |
0 |
|a (Harvey, W. A.) :
|b Wood Utilisation Research Centre ,
|c 1990
|
| 300 |
|
|
|a v, 15 p. :
|b ill.c 30cm.
|
| 440 |
0 |
0 |
|a Wood Utilisation Research Centre; report n. 20
|
| 500 |
0 |
0 |
|a Bibliography : p. 30
|
| 650 |
0 |
0 |
|a Jarrah
|x Drying
|
| 650 |
0 |
0 |
|a Karri
|x Drying
|
| 650 |
0 |
0 |
|a Kilns
|
| 650 |
0 |
0 |
|a Lumber
|x Drying
|
| 700 |
0 |
1 |
|a Glossop
|h B. R. ,
|d (Brett Rodney)
|
| 700 |
0 |
1 |
|a Hanks
|h W. R.
|
| 710 |
1 |
1 |
|a Wood Utilisation Research Centre (W. A.)
|
| 998 |
|
|
|a JPSM
|
| 999 |
|
|
|a 0000003868
|b Monograph
|c Open Shelf
|e Default branch
|